Pays sans les lettres de "DJIBOUTI" - Statistiques

Statistiques générales
  • Ce quiz a été pris 19 fois
    4 depuis la dernière actualisation
  • Le résultat moyen est 4 sur 13
Statistiques - réponses
Continents Pays % Correct
Europe France
100%
Europe Allemagne
67%
Afrique Seychelles
67%
Europe Espagne
33%
Afrique Kenya
33%
Afrique Sénégal
33%
Asie Yemen
33%
Asie Chypre
0%
Afrique Ghana
0%
Europe Grèce
0%
Asie Myanmar
0%
Asie Népal
0%
Amérique du Nord Panama
0%
Aucun quiz correspondant
Distribution des résultats
% des personnes avec chaque résultat
Percentile par nombre de réponses
Votre historique - résultats
Vous n’avez pas pris ce quiz depuis la dernière actualisation